Un milió pelat / (Record no. 134085)

MARC details
000 -LEADER
campo de control de longitud fija 00715nam a22002411 4500
001 - NÚMERO DE CONTROL
campo de control 134085
003 - IDENTIFICADOR DE NÚMERO DE CONTROL
campo de control ES-MaACL
005 - FECHA Y HORA DE LA ÚLTIMA TRANSACCIÓN
campo de control 20250522203632.0
007 - CAMPO FIJO DE DESCRIPCIÓN FÍSICA--INFORMACIÓN GENERAL
campo de control de longitud fija t|
008 - DATOS DE LONGITUD FIJA--INFORMACIÓN GENERAL
campo de control de longitud fija 070905s1969 sp ||||0| cat d
016 7# - NÚMERO DE CONTROL DE UNA AGENCIA BIBLIOGRÁFICA NACIONAL
Número de control cancelado/no válido IND2000943423
040 ## - FUENTE DE CATALOGACIÓN
Centro catalogador/agencia de origen M-BN
Lengua de catalogación spa
Centro/agencia transcriptor CDM
080 ## - NÚMERO DE LA CLASIFICACIÓN DECIMAL UNIVERSAL
Número de la Clasificación Decimal Universal 82-311.2"19"
100 1# - ENTRADA PRINCIPAL--NOMBRE DE PERSONA
Nombre de persona West, Nathanael.
9 (RLIN) 116551
245 13 - MENCIÓN DEL TÍTULO
Título Un milió pelat /
Mención de responsabilidad, etc. Nathanael West ; [traducció de Ramón Folch y Camarasa].
260 ## - PUBLICACIÓN, DISTRIBUCIÓN, ETC.
Lugar de publicación, distribución, etc. Barcelona :
Nombre del editor, distribuidor, etc. Edicions 62,
Fecha de publicación, distribución, etc. 1969.
300 ## - DESCRIPCIÓN FÍSICA
Extensión 141 p. ;
Dimensiones 20 cm.
490 1# - MENCIÓN DE SERIE
Mención de serie El balancí ;
Designación de volumen o secuencia 58
700 1# - ENTRADA AGREGADA--NOMBRE PERSONAL
Nombre de persona Folch i Camarasa, Ramon,
Fechas asociadas al nombre 1926-
9 (RLIN) 51450
830 0# - PUNTO DE ACCESO ADICIONAL DE SERIE-TÍTULO UNIFORME
Título uniforme El balancí ;
Designación de volumen o secuencia 58
9 (RLIN) 182050
852 ## - LOCALIZACIÓN
Ubicación ES-MaACL
Número de control de estantería C-50371
Sublocalización o colección R.70681
Holdings
Estatus retirado Estado de pérdida Estado de daño No para préstamo Biblioteca de origen Biblioteca actual Ubicación en estantería Fecha de adquisición Fuente de adquisición Total de préstamos Signatura topográfica completa Código de barras Visto por última vez Precio de reemplazo Tipo de ítem Koha
        Biblioteca del Ateneo de Madrid Biblioteca del Ateneo de Madrid Depósito 2 17/01/2008     C-50371 1139576 23/02/2023 23/02/2023 Libro impreso